Plán B ako vytvoriť úspešný podnikateľský model alebo zmeniť dobrý model na skvelý

Gespeichert in:
Bibliographische Detailangaben
1. Verfasser: Mullins, John Walker
Weitere Verfasser: Komisar, Randy, Vehnerová, Eva, Kováč, Urban
Format: Buch
Sprache:Slowakisch
Veröffentlicht: Bratislava Eastone Books 2010
Schriftenreihe:Knižná edícia Nadácie Tatra banky
Schlagworte:
Tags: Tag hinzufügen
Keine Tags, Fügen Sie das erste Tag hinzu!

MARC

LEADER 00000nam a2200000 4500
001 0121496
005 20240502072359.0
020 |a 978-80-8109-134-6 
041 0 |a slo 
044 |a SK 
245 1 0 |a Plán B  |b ako vytvoriť úspešný podnikateľský model alebo zmeniť dobrý model na skvelý  |c John Mullins, Randy Komisar ; preložila Eva Vehnerová, odborná redakcia Urban Kováč 
264 1 |a Bratislava  |b Eastone Books  |c 2010 
300 |a 257 s. [12,8 AH] 
490 1 |a Knižná edícia Nadácie Tatra banky 
830 0 |a Knižná edícia Nadácie Tatra banky 
610 2 0 |a plánovanie podnikové 
610 2 0 |a plán podnikateľský 
610 2 0 |a plán podnikový 
610 2 0 |a nástroje plánovania 
610 2 0 |a podnikanie 
610 2 0 |a stratégia podnikateľská 
610 2 0 |a stratégia podniková 
610 2 0 |a ciele podnikové 
610 2 0 |a riadenie podnikové 
610 2 0 |a modely podniku 
610 2 0 |a štúdie prípadové 
610 2 0 |a príjmy 
610 2 0 |a zisk podnikový 
610 2 0 |a kapitál prevádzkový 
610 2 0 |a plán investičný 
100 1 |a Mullins, John Walker 
700 1 |a Komisar, Randy 
700 1 |a Vehnerová, Eva 
700 1 |a Kováč, Urban